00970cam a2200277 a 450000100090000000300050000900500170001400800410003101000170007202000150008904000180010404300120012205000260013408200170016010000520017724500460022925000340027526000380030930000260034765000220037365000600039565500290045565500180048485600990050285600910060112500440Nust20170312121142.0010813r20021959nyu 000 1 eng  a 2001040849 a037570714X aDLCcDLCdDLC anwtr---00aPR9272.9.N32bM9 200200a823.914bNAI1 aNaipaul, V. S.q(Vidiadhar Surajprasad),d1932-14aMiguel Street :ba novel /cV.S. Naipaul. a1st Vintage International ed. aNew York :bVintage Books,c2002. avii, 207 p. ;c21 cm. 0aMysticsvFiction. 0aPolitical fiction, Trinidadian and Tobagonian (English) 7aHumorous fiction.2gsafd 7aSatire.2lcsh423Contributor biographical informationuhttp://www.loc.gov/catdir/bios/random053/2001040849.html423Publisher descriptionuhttp://www.loc.gov/catdir/description/random043/2001040849.html